Indian Public Finance and Policy Report: (Record no. 189241)

MARC details
000 -LEADER
fixed length control field 00694nam a22002057a 4500
005 - DATE AND TIME OF LATEST TRANSACTION
control field 20220622142806.0
010 ## - LCCN (DPL NO)
LC control number ENG-133319
020 ## - INTERNATIONAL STANDARD BOOK NUMBER
International Standard Book Number 9780190121150
Terms of availability 1495.00
035 ## - SYSTEM CONTROL NUMBER
System control number EN-116851
037 ## - SOURCE OF ACQUISITION
Source of stock number/acquisition DBAD/PUB
082 ## - DEWEY DECIMAL CLASSIFICATION NUMBER
Classification number 362.10954
245 ## - TITLE STATEMENT
Title Indian Public Finance and Policy Report:
Remainder of title Health Matters/
Statement of responsibility, etc Edited by Jyotsna Jalan, Sugata Marjit And Sattwik Santra
260 ## - PUBLICATION, DISTRIBUTION, ETC. (IMPRINT)
Place of publication, distribution, etc New Delhi
Name of publisher, distributor, etc Oxford University Press
Date of publication, distribution, etc 2020
270 ## - ADDRESS
Address 22 Workspace, 2nd floor, 1/22 Asaf Ali Road,
City New Delhi
Postal code 110002
300 ## - PHYSICAL DESCRIPTION
Extent xvi,166p.
Dimensions 28cm(pbk)
700 ## - ADDED ENTRY--PERSONAL NAME
Personal name Jalan, Jyotsana
700 ## - ADDED ENTRY--PERSONAL NAME
Personal name Marjit, Sugata
700 ## - ADDED ENTRY--PERSONAL NAME
Personal name Santra, Sattwik
942 ## - ADDED ENTRY ELEMENTS (KOHA)
Source of classification or shelving scheme Dewey Decimal Classification
Item type English Books
Classification part 362.10954
Call number suffix IND
Holdings
Withdrawn status Lost status Not for loan Collection code Home library Current library Date acquired Source of acquisition Cost, normal purchase price Full call number Barcode Copy number Cost, replacement price Koha item type
      Non-fiction Sarojini Nagar Sarojini Nagar 22/06/2022 DBAD/PUB 1495.00 362.10954 IND EN-116851 1 1495.00 English Books

© Delhi Public Library
Hit Counter
free hit counter